[Event "37th Reykjavik op"]
[Site "Reykjavik ISL"]
[Date "2024.03.19"]
[Round "7.21"]
[White "Mai, Alexander Oliver"]
[Black "Klimkowski, Jan"]
[WhiteElo "2160"]
[BlackElo "2532"]
[Result "1/2-1/2"]
[EventDate "2024.03.15"]
[PlyCount "79"]

1. e4 {[%eval 13,0]} c5 {[%eval 33,0]} 2. Nf3 {[%eval 22,0]} d6 {[%eval 0,0]}
3. Bb5+ {[%eval 12,0]} Nd7 {[%eval 17,0]} 4. d4 {[%eval 17,0]} cxd4 {[%eval 19,
0]} 5. Qxd4 {[%eval 21,0]} a6 {[%eval 12,0]} 6. Bxd7+ {[%eval 0,0]} Bxd7 {
[%eval 17,0]} 7. Nc3 {[%eval 0,0]} Nf6 $6 {[%eval 55,0] Inaccuracy. e5 was
best.} (7... e5 8. Qd3 Rc8 9. O-O Be6 10. Rd1 h6 11. Nd2 Be7 12. Nf1) 8. Bg5 {
[%eval 56,0]} e6 {[%eval 51,0]} 9. O-O-O {[%eval 6,0]} Be7 {[%eval 89,0]} 10.
e5 {[%eval 88,0]} dxe5 {[%eval 85,0]} 11. Nxe5 {[%eval 82,0]} Bc6 {[%eval 88,0]
} 12. Nxc6 {[%eval 8,0]} bxc6 {[%eval 79,0]} 13. Qc4 {[%eval 81,0]} Qb6 {
[%eval 86,0]} 14. Be3 {[%eval 84,0]} Qb7 {[%eval 82,0]} 15. Bc5 {[%eval 79,0]}
O-O {[%eval 89,0]} 16. Bxe7 {[%eval 100,0]} Qxe7 {[%eval 91,0]} 17. Qxc6 {
[%eval 92,0]} Rfc8 {[%eval 95,0]} 18. Qf3 {[%eval 86,0]} Rab8 {[%eval 82,0]}
19. a3 {[%eval 67,0]} Qc7 {[%eval 96,0]} 20. Rd2 {[%eval 92,0]} Nd7 {[%eval
107,0]} 21. Rhd1 {[%eval 108,0]} Ne5 $6 {[%eval 194,0] Inaccuracy. Nb6 was
best.} (21... Nb6 22. Rd4 Qxh2 23. g3 Qh6+ 24. Kb1 Qg5 25. Ne4 Qe7 26. Qe2 a5
27. Nd6 Rc5 28. f4) 22. Qg3 {[%eval 192,0]} h6 {[%eval 256,0]} 23. Rd4 $6 {
[%eval 174,0] Inaccuracy. Ne4 was best.} (23. Ne4 Qa5 24. Rd4 Rc6 25. Nd6 Rf8
26. R1d2 Rxd6 27. b4 Qa4 28. Rxd6 Nc4 29. Rd8 Nxd2) 23... a5 {[%eval 201,0]}
24. Re4 $4 {[%eval 29,0] Blunder. R1d2 was best.} (24. R1d2 f5) 24... f6 $4 {
[%eval 151,0] Blunder. Qb7 was best.} (24... Qb7 25. Rxe5) 25. Rdd4 {[%eval
117,0]} Qb7 {[%eval 133,0]} 26. b3 {[%eval 111,0]} Rc7 {[%eval 165,0]} 27. f4 {
[%eval 172,0]} Rbc8 {[%eval 177,0]} 28. Re3 {[%eval 106,0]} Nd7 {[%eval 172,0]}
29. Rd2 {[%eval 126,0]} Nc5 {[%eval 102,0]} 30. Rde2 $4 {[%eval -82,0] Blunder.
Kb2 was best.} (30. Kb2) 30... Rd7 $4 {[%eval 179,0] Blunder. Nxb3+ was best.}
(30... Nxb3+ 31. cxb3 Qxb3 32. Rc2 Qxa3+ 33. Kd2 a4 34. Qg4 Qd6+ 35. Ke2 a3 36.
Qg6 Qxf4 37. Rd2) 31. Ne4 {[%eval 172,0]} Nxe4 {[%eval 175,0]} 32. Rxe4 {
[%eval 166,0]} Qd5 $6 {[%eval 285,0] Inaccuracy. Rdc7 was best.} (32... Rdc7
33. Rxe6 Qd5 34. Re8+ Rxe8 35. Rxe8+ Kf7 36. Re1 Qd4 37. Qe3 Qa1+ 38. Kd2 Rd7+
39. Ke2) 33. Rxe6 $4 {[%eval 76,0] Blunder. Qe3 was best.} (33. Qe3 f5 34. Ra4
Kf8 35. Rd2 Qxd2+ 36. Qxd2 Rxd2 37. Kxd2 Rd8+ 38. Ke3 g5 39. g3 Rd1) 33...
Rxc2+ {[%eval 64,0]} 34. Kxc2 $6 {[%eval 0,0] Inaccuracy. Rxc2 was best.} (34.
Rxc2 Qxe6) 34... Qd1+ {[%eval 0,0]} 35. Kb2 {[%eval 0,0]} Rd2+ {[%eval 0,0]}
36. Rxd2 {[%eval 0,0]} Qxd2+ {[%eval 0,0]} 37. Kb1 {[%eval 0,0]} Qd1+ {[%eval
0,0]} 38. Kb2 {[%eval 0,0]} Qd2+ {[%eval 0,0]} 39. Kb1 {[%eval 0,0]} Qd1+ {
[%eval 0,0]} 40. Kb2 {[%eval 0,0]} 1/2-1/2

[Event "37th Reykjavik op"]
[Site "Reykjavik ISL"]
[Date "2024.03.19"]
[Round "7.22"]
[White "Pujari, Rucha"]
[Black "Wadsworth, Matthew"]
[WhiteElo "2147"]
[BlackElo "2450"]
[Result "0-1"]
[EventDate "2024.03.15"]
[PlyCount "108"]

1. d4 {[%eval 15,0]} Nf6 {[%eval 16,0]} 2. c4 {[%eval 16,0]} e6 {[%eval 21,0]}
3. Nf3 {[%eval 0,0]} b6 {[%eval 19,0]} 4. g3 {[%eval 18,0]} Bb7 {[%eval 3,0]}
5. Bg2 {[%eval 29,0]} Be7 {[%eval 32,0]} 6. O-O {[%eval 26,0]} O-O {[%eval 41,
0]} 7. Nc3 {[%eval 38,0]} Ne4 {[%eval 43,0]} 8. Bd2 {[%eval 32,0]} Bf6 {
[%eval 32,0]} 9. h4 {[%eval 29,0]} h6 {[%eval 34,0]} 10. Ne5 {[%eval 27,0]}
Nxc3 {[%eval 25,0]} 11. Bxc3 {[%eval 24,0]} Bxg2 {[%eval 23,0]} 12. Kxg2 {
[%eval 29,0]} d6 {[%eval 26,0]} 13. Ng4 {[%eval 31,0]} Be7 $6 {[%eval 105,0]
Inaccuracy. h5 was best.} (13... h5 14. Nxf6+) 14. e4 {[%eval 100,0]} f5 $6 {
[%eval 175,0] Inaccuracy. Nd7 was best.} (14... Nd7) 15. exf5 {[%eval 162,0]}
exf5 {[%eval 174,0]} 16. Qf3 $6 {[%eval 100,0] Inaccuracy. Ne3 was best.} (16.
Ne3 f4 17. Qh5 Nd7 18. Nf5 Bg5 19. g4 Rxf5 20. gxf5 Bxh4 21. Kh3 Bg5 22. Rae1
Qf8) 16... c6 $6 {[%eval 188,0] Inaccuracy. Nd7 was best.} (16... Nd7 17. Ne3
f4 18. gxf4 Rf7 19. Qg4 h5 20. Qxh5 Rxf4 21. Nd5 Rxh4 22. Qf5 c6 23. Nb4) 17.
Ne3 {[%eval 176,0]} f4 {[%eval 193,0]} 18. gxf4 {[%eval 176,0]} Bxh4 {[%eval
235,0]} 19. Qg4 {[%eval 235,0]} h5 {[%eval 233,0]} 20. Qe6+ {[%eval 245,0]} Kh7
$6 {[%eval 336,0] Inaccuracy. Rf7 was best.} (20... Rf7 21. d5 Nd7 22. dxc6 Nf8
23. Qe4 Qe7 24. Qxe7 Bxe7 25. f5 Rc8 26. Rh1 h4 27. Nd5) 21. Qe4+ {[%eval 303,
0]} g6 {[%eval 277,0]} 22. Rh1 $6 {[%eval 174,0] Inaccuracy. f5 was best.} (22.
f5 Rg8) 22... Nd7 $6 {[%eval 205,0] Inaccuracy. Qe7 was best.} (22... Qe7 23.
Qf3 Bg5 24. f5 Bxe3 25. fxg6+ Kg8 26. Qxe3 Qxe3 27. fxe3 Rf5 28. Raf1 Rg5+ 29.
Kh2) 23. f5 $4 {[%eval -285,0] Blunder. Rae1 was best.} (23. Rae1) 23... Qg5+ {
[%eval -286,0]} 24. Kf1 {[%eval -102,0]} Bxf2 {[%eval -294,0]} 25. Kxf2 {
[%eval -272,0]} Rae8 {[%eval -282,0]} 26. Qf3 {[%eval -274,0]} Rxe3 {[%eval
-284,0]} 27. Qxe3 {[%eval -278,0]} Rxf5+ {[%eval -269,0]} 28. Ke2 {[%eval -273,
0]} Qg2+ {[%eval -278,0]} 29. Kd3 {[%eval -285,0]} Rf3 {[%eval -276,0]} 30.
Rag1 {[%eval -276,0]} Qf2 {[%eval -282,0]} 31. Qxf3 {[%eval -283,0]} Qxf3+ {
[%eval -275,0]} 32. Kc2 {[%eval -272,0]} d5 {[%eval -192,0]} 33. cxd5 {[%eval
-127,0]} cxd5 {[%eval -122,0]} 34. Rf1 {[%eval -117,0]} Qg2+ {[%eval -154,0]}
35. Kb3 {[%eval -118,0]} Nf6 {[%eval -192,0]} 36. Rhg1 {[%eval -107,0]} Qh2 {
[%eval -117,0]} 37. Rh1 {[%eval -192,0]} Qd6 {[%eval -134,0]} 38. Bb4 {[%eval
-103,0]} Qe6 {[%eval -299,0]} 39. Rc1 {[%eval -271,0]} Qd7 {[%eval -126,0]} 40.
Rh2 $2 {[%eval -349,0] Mistake. a3 was best.} (40. a3 g5) 40... a5 {[%eval
-399,0]} 41. Bc3 {[%eval -304,0]} a4+ {[%eval -302,0]} 42. Kc2 {[%eval -303,0]}
Qf5+ {[%eval -482,0]} 43. Kd1 {[%eval -491,0]} Ng4 {[%eval -481,0]} 44. Re2 {
[%eval -302,0]} Nf2+ {[%eval -307,0]} 45. Kd2 {[%eval -487,0]} Ne4+ {[%eval
-495,0]} 46. Kd1 {[%eval -311,0]} Qf3 {[%eval -500,0]} 47. Be1 {[%eval -308,0]}
Qd3+ {[%eval -499,0]} 48. Bd2 {[%eval -309,0]} h4 {[%eval -311,0]} 49. Rc7+ {
[%eval -318,0]} Kg8 {[%eval -303,0]} 50. Rc8+ {[%eval -305,0]} Kf7 {[%eval
-311,0]} 51. Ke1 {[%eval -417,0]} Qg3+ {[%eval -483,0]} 52. Kd1 {[%eval -484,0]
} Qf3 {[%eval -498,0]} 53. Bb4 {[%eval -445,0]} Qd3+ {[%eval -454,0]} 54. Bd2 {
[%eval -459,0]} h3 {[%eval -467,0]} 0-1

[Event "37th Reykjavik op"]
[Site "Reykjavik ISL"]
[Date "2024.03.19"]
[Round "7.23"]
[White "Mammadzada, Gunay"]
[Black "Mannion, Stephen"]
[WhiteElo "2449"]
[BlackElo "2166"]
[Result "1-0"]
[EventDate "2024.03.15"]
[PlyCount "135"]

1. e4 {[%eval 13,0]} e5 {[%eval 17,0]} 2. Nf3 {[%eval 21,0]} Nc6 {[%eval 13,0]}
3. Bb5 {[%eval 21,0]} a6 {[%eval 2,0]} 4. Ba4 {[%eval 31,0]} Nf6 {[%eval 14,0]}
5. O-O {[%eval 24,0]} d6 {[%eval 43,0]} 6. c3 {[%eval 43,0]} Bd7 {[%eval 53,0]}
7. d4 {[%eval 35,0]} g6 {[%eval 57,0]} 8. Bg5 {[%eval 3,0]} Bg7 {[%eval 28,0]}
9. d5 {[%eval 28,0]} Ne7 {[%eval 3,0]} 10. Bxf6 {[%eval 14,0]} Bxf6 {[%eval 24,
0]} 11. Bxd7+ {[%eval 18,0]} Qxd7 {[%eval 19,0]} 12. c4 {[%eval 22,0]} O-O {
[%eval 17,0]} 13. Nc3 {[%eval 21,0]} a5 {[%eval 24,0]} 14. Qa4 {[%eval 35,0]}
Qd8 {[%eval 35,0]} 15. a3 {[%eval 37,0]} Bg7 {[%eval 37,0]} 16. b4 {[%eval 14,
0]} axb4 {[%eval 16,0]} 17. Qxb4 {[%eval 18,0]} b6 {[%eval 22,0]} 18. a4 {
[%eval 21,0]} Ra5 {[%eval 28,0]} 19. Nb5 {[%eval 16,0]} Qd7 {[%eval 15,0]} 20.
Nd2 {[%eval 14,0]} f5 $6 {[%eval 73,0] Inaccuracy. Bh6 was best.} (20... Bh6
21. Nb3 Raa8 22. Qc3 Ra6 23. Qc2 Rfa8 24. Nc1 Bxc1 25. Rfxc1 Ra5 26. Ra3 Kg7
27. h3) 21. Nb3 $6 {[%eval 13,0] Inaccuracy. c5 was best.} (21. c5 dxc5 22. Qb3
Kh8 23. Nc4 Ra6 24. Nxc7 Qxc7 25. d6 Qd7 26. dxe7 Qxe7 27. Qb5 Ra7) 21... Raa8
{[%eval 12,0]} 22. f3 {[%eval 33,0]} fxe4 {[%eval 17,0]} 23. fxe4 {[%eval 8,0]}
Bh6 {[%eval 1,0]} 24. Rxf8+ {[%eval 12,0]} Rxf8 {[%eval 0,0]} 25. Qe1 {[%eval
17,0]} c6 {[%eval 4,0]} 26. dxc6 {[%eval 3,0]} Qxc6 {[%eval 0,0]} 27. Qe2 {
[%eval 0,0]} Kg7 {[%eval 0,0]} 28. h3 {[%eval 5,0]} Bf4 {[%eval 2,0]} 29. Rd1 {
[%eval 0,0]} Rf6 {[%eval 17,0]} 30. Qd3 {[%eval 28,0]} Nc8 {[%eval 41,0]} 31.
g3 {[%eval 37,0]} Bh6 {[%eval 65,0]} 32. Kg2 {[%eval 28,0]} Qd7 {[%eval 74,0]}
33. Na1 {[%eval 81,0]} Qf7 {[%eval 100,0]} 34. Qe2 {[%eval 100,0]} Qd7 {
[%eval 102,0]} 35. Nc2 {[%eval 104,0]} Ne7 {[%eval 108,0]} 36. Qd3 {[%eval 82,
0]} Qc6 {[%eval 86,0]} 37. Rf1 {[%eval 83,0]} Rxf1 {[%eval 103,0]} 38. Kxf1 {
[%eval 100,0]} Nc8 {[%eval 93,0]} 39. Nb4 {[%eval 91,0]} Qc5 $6 {[%eval 199,0]
Inaccuracy. Qd7 was best.} (39... Qd7 40. Kg2 Bg5 41. Nd5 h5 42. h4 Be7 43. Kh2
Bd8 44. Ne3 Be7 45. Qd5 Na7 46. Nxa7) 40. Nd5 {[%eval 175,0]} Qc6 {[%eval 219,
0]} 41. Kg2 {[%eval 167,0]} Bg5 {[%eval 158,0]} 42. Ndc7 {[%eval 152,0]} Be7 $6
{[%eval 278,0] Inaccuracy. Kf7 was best.} (42... Kf7 43. Qd5+ Qxd5 44. cxd5 Bd2
45. Kf1 Bb4 46. Ke2 Bc5 47. g4 h6 48. Ne6 Kf6 49. Nbc7) 43. Qd5 {[%eval 269,0]}
Qxd5 {[%eval 339,0]} 44. cxd5 {[%eval 335,0]} Kf7 {[%eval 335,0]} 45. Ne6 {
[%eval 307,0]} Bf6 {[%eval 328,0]} 46. h4 {[%eval 275,0]} h5 {[%eval 245,0]}
47. Na3 {[%eval 273,0]} Bg7 {[%eval 332,0]} 48. Nc4 {[%eval 314,0]} Bh6 {
[%eval 344,0]} 49. Nc7 {[%eval 306,0]} Ke7 {[%eval 328,0]} 50. Na8 {[%eval 301,
0]} Bc1 {[%eval 369,0]} 51. Kf3 {[%eval 355,0]} Kd8 {[%eval 345,0]} 52. g4 {
[%eval 341,0]} Kd7 $2 {[%eval 544,0] Mistake. hxg4+ was best.} (52... hxg4+ 53.
Kxg4) 53. Naxb6+ {[%eval 535,0]} Nxb6 {[%eval 566,0]} 54. Nxb6+ {[%eval 506,0]}
Kc7 {[%eval 505,0]} 55. Nc4 {[%eval 542,0]} Bh6 {[%eval 506,0]} 56. Kg3 {
[%eval 539,0]} Bf8 {[%eval 583,0]} 57. Kh3 {[%eval 529,0]} Bh6 {[%eval 564,0]}
58. Kg2 {[%eval 529,0]} Kd7 {[%eval 572,0]} 59. a5 {[%eval 539,0]} Kc7 {
[%eval 568,0]} 60. Kh3 {[%eval 557,0]} Bf8 {[%eval 603,0]} 61. gxh5 {[%eval
637,0]} gxh5 {[%eval 635,0]} 62. Ne3 {[%eval 629,0]} Kb7 {[%eval 623,0]} 63.
Nf5 {[%eval 602,0]} Ka6 {[%eval 653,0]} 64. Ng3 {[%eval 646,0]} Kxa5 {[%eval
644,0]} 65. Nxh5 {[%eval 642,0]} Kb5 {[%eval 624,0]} 66. Kg4 {[%eval 608,0]}
Kc4 {[%eval 732,0]} 67. Kf5 {[%eval 664,0]} Kd3 {[%eval 654,0]} 68. Nf6 {
[%eval 632,0]} 1-0

[Event "37th Reykjavik op"]
[Site "Reykjavik ISL"]
[Date "2024.03.19"]
[Round "7.24"]
[White "Birkisson, Bjoern Holm"]
[Black "Chasin, Nico"]
[WhiteElo "2140"]
[BlackElo "2447"]
[Result "0-1"]
[EventDate "2024.03.15"]
[PlyCount "68"]

1. c4 {[%eval 16,0]} e5 {[%eval 25,0]} 2. Nc3 {[%eval 8,0]} Nf6 {[%eval 7,0]}
3. Nf3 {[%eval 0,0]} Nc6 {[%eval 11,0]} 4. e3 {[%eval 12,0]} Bb4 {[%eval 0,0]}
5. Qc2 {[%eval 0,0]} Bxc3 {[%eval 0,0]} 6. Qxc3 {[%eval 0,0]} Qe7 {[%eval 0,0]}
7. a3 {[%eval 0,0]} a5 {[%eval 13,0]} 8. b4 {[%eval 0,0]} d6 {[%eval 27,0]} 9.
b5 {[%eval 37,0]} Nb8 {[%eval 33,0]} 10. d4 {[%eval 45,0]} Nbd7 {[%eval 33,0]}
11. dxe5 $6 {[%eval 47,0] Inaccuracy. Bb2 was best.} (11. Bb2 exd4 12. Nxd4 Nc5
13. Qc2 O-O 14. Be2 Re8 15. Rd1 Qe4 16. Qxe4 Nfxe4 17. Ba1 Na4) 11... dxe5 {
[%eval 67,0]} 12. a4 {[%eval 7,0]} Ne4 {[%eval 85,0]} 13. Qa3 {[%eval -87,0]}
Nec5 {[%eval -98,0]} 14. Bb2 {[%eval -61,0]} f6 {[%eval 94,0]} 15. Qc3 $6 {
[%eval -16,0] Inaccuracy. Be2 was best.} (15. Be2 b6 16. O-O Bb7 17. Nd4 h5 18.
Nc6 Qe6 19. f4 Bxc6 20. f5 Qe7 21. bxc6 Nb8) 15... e4 $4 {[%eval 12,0] Blunder.
Ne4 was best.} (15... Ne4 16. Qc2 Qb4+ 17. Nd2 Ndc5 18. Ra2 Be6 19. Ba3 Qc3 20.
Be2 O-O-O 21. Bxc5 Qxc2 22. Rxc2) 16. Nd4 {[%eval 5,0]} Nb6 {[%eval 1,0]} 17.
Qc2 {[%eval 7,0]} Bg4 {[%eval 41,0]} 18. Ba3 {[%eval 4,0]} O-O {[%eval 51,0]}
19. h3 {[%eval 42,0]} Bh5 {[%eval 69,0]} 20. Ne6 {[%eval 16,0]} Qxe6 {[%eval
13,0]} 21. Bxc5 {[%eval 14,0]} Rfd8 {[%eval 16,0]} 22. Rc1 {[%eval 14,0]} Rac8
{[%eval 31,0]} 23. Be2 $6 {[%eval 35,0] Inaccuracy. Bd4 was best.} (23. Bd4)
23... Bxe2 {[%eval 44,0]} 24. Kxe2 {[%eval 43,0]} Nd7 {[%eval 39,0]} 25. Bd4 {
[%eval 42,0]} c6 {[%eval 0,0]} 26. Qb1 $2 {[%eval -42,0] Mistake. c5 was best.}
(26. c5 Nf8 27. Rhd1 Rd5 28. Kf1 h5 29. bxc6 bxc6 30. Ba1 Rcd8 31. Rd4 Rxd4 32.
Bxd4 Qd5) 26... c5 {[%eval -94,0]} 27. Ba1 {[%eval -54,0]} Nb6 {[%eval -43,0]}
28. Qa2 {[%eval -95,0]} Rd3 $6 {[%eval 84,0] Inaccuracy. Kf7 was best.} (28...
Kf7 29. Bc3 Ra8 30. Rc2 g5 31. Rd1 g4 32. h4 g3 33. Rcd2 Rxd2+ 34. Qxd2 Nxa4
35. Ke1) 29. Rhd1 $4 {[%eval -131,0] Blunder. Bc3 was best.} (29. Bc3 Qxc4 30.
Qxc4+ Nxc4 31. Rhd1 Rcd8 32. Rxd3 exd3+ 33. Kd1 Rc8 34. Bxf6 Nb6 35. Bc3 Nxa4)
29... Rcd8 {[%eval -149,0]} 30. Rxd3 $6 {[%eval -291,0] Inaccuracy. Bc3 was
best.} (30. Bc3 Nxc4) 30... exd3+ {[%eval -203,0]} 31. Kd2 {[%eval -343,0]} Qe4
{[%eval -367,0]} 32. f3 {[%eval -487,0]} Qh4 {[%eval -465,0]} 33. Kc3 {[%eval
-469,0]} d2 {[%eval -472,0]} 34. Rd1 {[%eval -482,0]} Qe1 {[%eval -484,0]} 0-1

[Event "37th Reykjavik op"]
[Site "Reykjavik ISL"]
[Date "2024.03.19"]
[Round "7.25"]
[White "Stanford, Sheila Barth"]
[Black "Injac, Teodora"]
[WhiteElo "2123"]
[BlackElo "2434"]
[Result "0-1"]
[EventDate "2024.03.15"]
[PlyCount "52"]

1. d4 {[%eval 15,0]} Nf6 {[%eval 16,0]} 2. Bg5 {[%eval 0,0]} d5 {[%eval 0,0]}
3. Bxf6 {[%eval 0,0]} exf6 {[%eval 0,0]} 4. e3 {[%eval 0,0]} c6 {[%eval 0,0]}
5. g3 {[%eval 2,0]} h5 {[%eval 23,0]} 6. h4 {[%eval 22,0]} Bd6 {[%eval 21,0]}
7. Bg2 {[%eval 44,0]} Bg4 {[%eval 5,0]} 8. Qd3 {[%eval 31,0]} O-O {[%eval 45,0]
} 9. Ne2 {[%eval 37,0]} Re8 {[%eval 4,0]} 10. Nd2 {[%eval 38,0]} a5 {[%eval 26,
0]} 11. c4 {[%eval 32,0]} dxc4 {[%eval 32,0]} 12. Nxc4 {[%eval 25,0]} Bb4+ {
[%eval 25,0]} 13. Nc3 {[%eval 26,0]} Nd7 {[%eval 11,0]} 14. O-O {[%eval 24,0]}
a4 {[%eval 3,0]} 15. a3 {[%eval 0,0]} Bf8 {[%eval 11,0]} 16. f3 $2 {[%eval -68,
0] Mistake. Nd2 was best.} (16. Nd2) 16... Be6 {[%eval -57,0]} 17. Rad1 {
[%eval -51,0]} Bxc4 {[%eval -26,0]} 18. Qxc4 {[%eval -44,0]} Rxe3 {[%eval -2,0]
} 19. Nxa4 {[%eval -188,0]} Bd6 {[%eval -173,0]} 20. Kh2 {[%eval -166,0]} f5 {
[%eval -145,0]} 21. f4 {[%eval -161,0]} Nf6 {[%eval -175,0]} 22. Nc5 $6 {
[%eval -252,0] Inaccuracy. Nc3 was best.} (22. Nc3 Ng4+ 23. Kh3 Re7 24. Rd3 Ne3
25. Rxe3 Rxe3 26. Bf3 g6 27. d5 c5 28. Nb5 Qf6) 22... Ng4+ {[%eval -259,0]} 23.
Kh3 {[%eval -299,0]} Qe7 {[%eval -166,0]} 24. Bf3 {[%eval -191,0]} Re8 {
[%eval -121,0]} 25. Rd2 $4 {[%eval -699,0] Blunder. Qc2 was best.} (25. Qc2
Bxc5 26. dxc5 Re6 27. Qxf5 g6 28. Qg5 Ne3 29. Rf2 Nxd1 30. Bxd1 Qxg5 31. hxg5
Rd8) 25... Rxf3 {[%eval -515,0]} 26. Rxf3 {[%eval -853,0]} Qe1 {[%eval -734,0]}
0-1

[Event "37th Reykjavik op"]
[Site "Reykjavik ISL"]
[Date "2024.03.19"]
[Round "7.26"]
[White "Li, Harry"]
[Black "Haldorsen, Benjamin"]
[WhiteElo "2107"]
[BlackElo "2426"]
[Result "1-0"]
[EventDate "2024.03.15"]
[PlyCount "77"]

1. e4 {[%eval 13,0]} c6 {[%eval 24,0]} 2. d4 {[%eval 28,0]} d5 {[%eval 31,0]}
3. e5 {[%eval 19,0]} Bf5 {[%eval 38,0]} 4. Nf3 {[%eval 3,0]} e6 {[%eval 25,0]}
5. Be2 {[%eval 29,0]} Nd7 {[%eval 42,0]} 6. O-O {[%eval 29,0]} a5 {[%eval 67,0]
} 7. a4 {[%eval 5,0]} f6 {[%eval 58,0]} 8. c4 {[%eval 23,0]} fxe5 {[%eval 32,0]
} 9. Nxe5 {[%eval 4,0]} Nxe5 {[%eval 3,0]} 10. dxe5 {[%eval 5,0]} Bc5 {[%eval
33,0]} 11. cxd5 {[%eval 22,0]} exd5 {[%eval 31,0]} 12. Bd3 {[%eval 12,0]} Bxd3
{[%eval 22,0]} 13. Qxd3 {[%eval 14,0]} Ne7 {[%eval 9,0]} 14. Nd2 {[%eval 8,0]}
O-O {[%eval 23,0]} 15. Nf3 $6 {[%eval 83,0] Inaccuracy. Nb3 was best.} (15. Nb3
Bb4) 15... Ng6 {[%eval 81,0]} 16. Be3 {[%eval 66,0]} Qb6 $2 {[%eval 44,0]
Mistake. Be7 was best.} (16... Be7 17. Bd2) 17. Bxc5 {[%eval 19,0]} Qxc5 {
[%eval 26,0]} 18. Ng5 {[%eval 31,0]} Rfe8 {[%eval 66,0]} 19. Rae1 {[%eval 7,0]}
Nf8 {[%eval 99,0]} 20. Qf5 $6 {[%eval 0,0] Inaccuracy. Kh1 was best.} (20. Kh1
h6) 20... h6 {[%eval 51,0]} 21. Qf7+ {[%eval 55,0]} Kh8 {[%eval 48,0]} 22. Qh5
{[%eval 68,0]} Re7 {[%eval 61,0]} 23. Nf7+ {[%eval 61,0]} Kg8 $6 {[%eval 135,0]
Inaccuracy. Kh7 was best.} (23... Kh7 24. Qf5+ Kg8 25. Nd6 Ne6 26. Qh3 Rf8 27.
Qh4 g5 28. Qxh6 Nf4 29. g3 Rh7 30. Qxg5+) 24. Nd6 {[%eval 143,0]} Rd8 {[%eval
121,0]} 25. Kh1 {[%eval 128,0]} d4 {[%eval 142,0]} 26. Nf5 {[%eval 139,0]} Re6
{[%eval 138,0]} 27. f4 {[%eval 141,0]} Qb4 $4 {[%eval 502,0] Blunder. Rd7 was
best.} (27... Rd7 28. h3 b5 29. Rc1 Qd5 30. axb5 d3 31. bxc6 Rxc6 32. Rxc6 Qxc6
33. Nd6 Qd5 34. Qg4) 28. Nxg7 {[%eval 492,0]} Rg6 {[%eval 532,0]} 29. Nf5 {
[%eval 521,0]} Kh7 {[%eval 544,0]} 30. Nh4 {[%eval 548,0]} Rg7 {[%eval 544,0]}
31. f5 $4 {[%eval 271,0] Blunder. e6 was best.} (31. e6 Rd5 32. Nf5 Rxf5 33.
Qxf5+ Kg8 34. Qe4 Nh7 35. Qe5 Qxb2 36. Qb8+ Nf8 37. Rg1 d3) 31... d3 {[%eval
276,0]} 32. f6 {[%eval 273,0]} Rg5 $2 {[%eval 541,0] Mistake. Qg4 was best.} (
32... Qg4 33. Qf5+ Qxf5 34. Nxf5 Rg6 35. Re4 Ne6 36. Nd6 Kg8 37. g3 b6 38. Re3
Rg4 39. Rxd3) 33. Qf7+ {[%eval 532,0]} Kh8 {[%eval 525,0]} 34. e6 {[%eval 519,
0]} d2 {[%eval 576,0]} 35. Rd1 {[%eval 535,0]} Qxh4 {[%eval 584,0]} 36. e7 {
[%eval 573,0]} Rxg2 {[%eval 555,0]} 37. exf8=Q+ {[%eval 586,0]} Rxf8 {[%eval
581,0]} 38. Qxf8+ {[%eval 575,0]} Rg8 {[%eval 506,0]} 39. Qa3 {[%eval 548,0]}
1-0